01658 a2200217 45000010006000000050017000060080041000230030015000640400040000790800107001192450071002260200022002972640037003193000022003565050836003780410008012141000018012227000019012407000018012598560163012771456820260407155447.0260407a2007 arg spa dAR-UNSa-BCEJYS aAR-UNSa-BCEJYSbspacAR-UNSa-BCEJYS a314.17xFactores de los fenómenos demográficos y sus efectos en el desarrollo social y económico10aPopulation aging, intergenerational transfers and the macroeconomy a978-1-84720-099-0 1aCheltenham :bEdward Elgarc2007 ax, 307 p.c24 cm. a1. Economic and policy implications of population aging - 2. Population aging, changing retirement policies and lifetime earnings profiles in Japan - 3. Firm productivity, work-force age and educational structure in Austrian industries in 2001 - 4. The effect of subjective survival probabilities on retirement and wealth in the United States - 5. Modeling the effects of population aging on consumption in the presence of intergenerational transfers - 6. Transfers, capital and consumption over the demographic transition - 7. Effects of age structure on investment, saving and trade - 8. Population aging and health care spending in Japan: public and private-sector responses - 9. Procreation, migration and tradable quotas - 10. Australia´s future fund: a social welfare analysis - 11. Is Asia prepared for an aging population? aspa1 aClark, Robert1 aOgawa, Naohiro1 aMason, Andrew41uhttps://biblioeco.unsa.edu.ar/pmb/images/libros/Population aging, intergenerational transfers and the macroeconomy2-l118959.jpgyImagen de portadaqimage/jpeg